<?xml version="1.0" encoding="UTF-8"?>
<collection xmlns="http://www.loc.gov/MARC21/slim">
 <record>
  <leader>06424nam a2200457 a 4500</leader>
  <controlfield tag="001">kal4761</controlfield>
  <controlfield tag="003">Gr-AtHEAL</controlfield>
  <controlfield tag="005">20160426083407.0</controlfield>
  <controlfield tag="006">m        d        </controlfield>
  <controlfield tag="008">160413s2015    gr      s           gre|c</controlfield>
  <datafield tag="020" ind1=" " ind2=" ">
   <subfield code="a">9789606034688</subfield>
  </datafield>
  <datafield tag="040" ind1=" " ind2=" ">
   <subfield code="a">GR-AtHEAL</subfield>
   <subfield code="b">gre</subfield>
   <subfield code="c">GR-AtHEAL</subfield>
  </datafield>
  <datafield tag="082" ind1="0" ind2="4">
   <subfield code="a">938</subfield>
   <subfield code="2">23</subfield>
  </datafield>
  <datafield tag="100" ind1="1" ind2=" ">
   <subfield code="a">Παπαγεωργοπούλου, Χριστίνα.</subfield>
   <subfield code="8">1358</subfield>
  </datafield>
  <datafield tag="245" ind1="1" ind2="0">
   <subfield code="a">Ειδικά θέματα σκελετικής ανθρωπολογίας, ταφονομίας και βιοαρχαιολογίας</subfield>
   <subfield code="h">[Ηλεκτρονικός πόρος] </subfield>
   <subfield code="c">Παπαγεωργοπούλου, Χριστίνα ; κ.α. ; Κριτικός αναγνώστης,Βαλάκος, Ευστράτιος ; Γραφιστική επιμέλεια,Αφουξενίδης, Αυξέντιος ; Γλωσσική επιμέλεια,Αθανασιάδου, Κυριακή.</subfield>
  </datafield>
  <datafield tag="260" ind1=" " ind2=" ">
   <subfield code="a">Αθήνα :</subfield>
   <subfield code="b">Σύνδεσμος Ελληνικών Ακαδημαϊκών Βιβλιοθηκών,</subfield>
   <subfield code="c">c2015.</subfield>
  </datafield>
  <datafield tag="490" ind1=" " ind2=" ">
   <subfield code="a">Ακαδημαϊκά Ηλεκτρονικά Συγγράμματα και Βοηθήματα Κάλλιπος</subfield>
   <subfield code="8">40</subfield>
  </datafield>
  <datafield tag="520" ind1=" " ind2=" ">
   <subfield code="a">Το σύγγραμμα έχει ως στόχο να καλύψει ένα πραγματικό κενό στην ελληνική ακαδημαϊκή βιβλιογραφία σχετικά με την έρευνα και τη σημασία της μελέτης των σκελετικών καταλοίπων στην ανθρώπινη εξέλιξη, ποικιλομορφία και πολιτισμό. Βασισμένο σε μια ενημερωμένη βιβλιογραφία και σε πρωτότυπο οπτικοακουστικό και φωτογραφικό υλικό απευθύνεται σε φοιτητές φυσικής και ιατροδικαστικής ανθρωπολογίας και βιοαρχαιολογίας. Το βιβλίο αποτελείται από 12 κεφάλαια και χωρίζεται σε 4 θεματικές ενότητες. Η πρώτη ενότητα αφορά στην βασική μακροσκοπική μελέτη των σκελετικών καταλοίπων. Γίνεται αναφορά στους βασικούς όρους ανατομικής και ιστολογίας του ανθρώπινου σκελετού και δίνεται έμφαση στην αναγνώριση και ταξινόμηση κατεστραμμένων και θρυμματισμένων οστών. Παρουσιάζονται κλασσικές αλλά και νεότερες μέθοδοι προσδιορισμού φύλου, ηλικίας και αναστήματος καθώς και το θεωρητικό υπόβαθρο που αναπτύχθηκαν και μια κριτική αξιολόγηση αυτών. Η δεύτερη ενότητα περιλαμβάνει θέματα παλαιοπαθολογίας και παλαιοδιατροφής. Γίνεται μια αναλυτική περιγραφή των συχνότερων παθολογιών που παρατηρούνται στα ανθρώπινα οστά και δόντια, αναφέρονται όλες οι μικροσκοπικές, μακροσκοπικές, ακτινολογικές, και βιοχημικές μεθόδοι που χρησιμοποιούνται στη διάγνωση και περιγραφή των ασθενειών και στην ανασύσταση της παλαιοδιατροφής. Η τρίτη ενότητα αναφέρεται στις μεταναστεύσεις και στην βιολογική ιστορία των προϊστορικών πληθυσμιακών ομάδων. Γίνεται εκτεταμένη αναφορά στη χρήση του αρχαίου DNA και της παλαιογενετικής, στις προοπτικές και τους περιορισμούς της νέας μεθόδου καθώς και στις σύγχρονες τεχνικές που χρησιμοποιούνται. Η τέταρτη ενότητα περιλαμβάνει τεχνικές πεδίου, δημιουργία βάσεων δεδομένων και βασικές αρχές στατιστικής για την αναλύση οστεολογικών δεδομένων. Επίσης παρουσιάζονται ειδικά θέματα ταφονομίας όπως αποτυπώνονται στο αρχαιολογικό και στο ιατροδικαστικό πλαίσιο. Στο τελευταίο κεφάλαιο γίνεται αναφορά στο θεσμικό πλαίσιο και σε θέματα βιοηθικής που ανακύπτουν από τη μελέτη των ανθρώπινων καταλοίπων.</subfield>
  </datafield>
  <datafield tag="650" ind1=" " ind2="0">
   <subfield code="a">Taphonomy</subfield>
   <subfield code="8">2467</subfield>
  </datafield>
  <datafield tag="650" ind1=" " ind2="0">
   <subfield code="a">Human remains (Archaeology)</subfield>
   <subfield code="z">Greece</subfield>
   <subfield code="8">2468</subfield>
  </datafield>
  <datafield tag="653" ind1=" " ind2=" ">
   <subfield code="a">Οστεολογία</subfield>
  </datafield>
  <datafield tag="653" ind1=" " ind2=" ">
   <subfield code="a">Παλαιοδιατροφή</subfield>
  </datafield>
  <datafield tag="653" ind1=" " ind2=" ">
   <subfield code="a">Παλαιοπαθολογία</subfield>
  </datafield>
  <datafield tag="653" ind1=" " ind2=" ">
   <subfield code="a">Εξέλιξη του ανθρώπου</subfield>
  </datafield>
  <datafield tag="653" ind1=" " ind2=" ">
   <subfield code="a">Βιοηθική</subfield>
  </datafield>
  <datafield tag="653" ind1=" " ind2=" ">
   <subfield code="a">Δικαστική ανθρωπολογία</subfield>
  </datafield>
  <datafield tag="653" ind1=" " ind2=" ">
   <subfield code="a">Ανθρώπινα σκελετικά κατάλοιπα</subfield>
  </datafield>
  <datafield tag="653" ind1=" " ind2=" ">
   <subfield code="a">Παλαιογενετική</subfield>
  </datafield>
  <datafield tag="653" ind1=" " ind2=" ">
   <subfield code="a">Επιστήμες της ζωής</subfield>
   <subfield code="a">Φυσική ανθρωπολογία</subfield>
   <subfield code="a">Βιοαρχαιολογία</subfield>
  </datafield>
  <datafield tag="653" ind1=" " ind2=" ">
   <subfield code="a">Επιστήμες υγείας</subfield>
  </datafield>
  <datafield tag="653" ind1=" " ind2=" ">
   <subfield code="a">Επιστήμες της ζωής</subfield>
   <subfield code="a">Φυσική ανθρωπολογία</subfield>
  </datafield>
  <datafield tag="700" ind1="1" ind2=" ">
   <subfield code="a">Βήκα, Ευφροσύνη</subfield>
   <subfield code="e">Συγγραφέας</subfield>
   <subfield code="8">1359</subfield>
  </datafield>
  <datafield tag="700" ind1="1" ind2=" ">
   <subfield code="a">Νικήτα, Ευθυμία</subfield>
   <subfield code="e">Συγγραφέας</subfield>
   <subfield code="8">1360</subfield>
  </datafield>
  <datafield tag="700" ind1="1" ind2=" ">
   <subfield code="a">Μωραΐτης, Κωνσταντίνος</subfield>
   <subfield code="e">Συγγραφέας</subfield>
   <subfield code="8">1361</subfield>
  </datafield>
  <datafield tag="700" ind1="1" ind2=" ">
   <subfield code="a">Eliopoulos, Constantine</subfield>
   <subfield code="e">Συγγραφέας</subfield>
   <subfield code="8">1362</subfield>
  </datafield>
  <datafield tag="700" ind1="1" ind2=" ">
   <subfield code="a">Βαλάκος, Ευστράτιος</subfield>
   <subfield code="e">Κριτικός αναγνώστης</subfield>
   <subfield code="8">1363</subfield>
  </datafield>
  <datafield tag="856" ind1="4" ind2="0">
   <subfield code="u">http://hdl.handle.net/11419/4761</subfield>
   <subfield code="z">Πλήρες Κείμενο - Full text</subfield>
  </datafield>
  <datafield tag="907" ind1=" " ind2=" ">
   <subfield code="a">.b25677287</subfield>
   <subfield code="b">12-06-18</subfield>
   <subfield code="c">29-07-16</subfield>
  </datafield>
  <datafield tag="949" ind1=" " ind2=" ">
   <subfield code="0">0</subfield>
   <subfield code="1">0</subfield>
   <subfield code="2">ddc</subfield>
   <subfield code="4">0</subfield>
   <subfield code="6">938_000000000000000_ΠΑΠ</subfield>
   <subfield code="7">0</subfield>
   <subfield code="8">KALL</subfield>
   <subfield code="8">486</subfield>
   <subfield code="d">2016-04-13</subfield>
   <subfield code="r">2016-04-13</subfield>
   <subfield code="w">2016-04-13</subfield>
   <subfield code="z">938 ΠΑΠ</subfield>
   <subfield code="o">SEAB KALLIPOS</subfield>
  </datafield>
  <datafield tag="998" ind1=" " ind2=" ">
   <subfield code="a">80</subfield>
   <subfield code="a">01</subfield>
   <subfield code="a">02</subfield>
   <subfield code="a">03</subfield>
   <subfield code="a">04</subfield>
   <subfield code="a">05</subfield>
   <subfield code="a">06</subfield>
   <subfield code="a">07</subfield>
   <subfield code="a">08</subfield>
   <subfield code="a">09</subfield>
   <subfield code="a">10</subfield>
   <subfield code="a">11</subfield>
   <subfield code="a">12</subfield>
   <subfield code="a">13</subfield>
   <subfield code="a">14</subfield>
   <subfield code="a">15</subfield>
   <subfield code="a">16</subfield>
   <subfield code="a">17</subfield>
   <subfield code="a">18</subfield>
   <subfield code="a">19</subfield>
   <subfield code="a">20</subfield>
   <subfield code="a">21</subfield>
   <subfield code="a">22</subfield>
   <subfield code="a">23</subfield>
   <subfield code="a">24</subfield>
   <subfield code="a">25</subfield>
   <subfield code="a">26</subfield>
   <subfield code="b">15-08-08</subfield>
   <subfield code="c">m</subfield>
   <subfield code="d">z  </subfield>
   <subfield code="e">-</subfield>
   <subfield code="f">gre</subfield>
   <subfield code="g">gr </subfield>
   <subfield code="h">0</subfield>
  </datafield>
  <datafield tag="942" ind1=" " ind2=" ">
   <subfield code="2">ddc</subfield>
   <subfield code="c">KALLIPOS</subfield>
  </datafield>
 </record>
</collection>
